El problema filosófico de la historia de las religiones

Saved in:
Bibliografiske detaljer
Hovedforfatter: Zubiri, Xavier (Author)
Format: Bog
Sprog:spansk
Udgivet: Madrid Alianza 1993
Serier:Colección Estudios Filosóficos
Fag:
Tags: Tilføj Tag
Ingen Tags, Vær først til at tagge denne postø!

MARC

LEADER 00000cam a2200000 a 4500
001 UCZ3129
003 CL-VaPUC
008 951020e19930000SP |||||||||||||||||spa|d
020 |a 8420690473 
082 0 4 |a 200.1  |b ZUB  |2 21 
100 0 |a Zubiri, Xavier  |e author  |9 216 
245 1 3 |a El problema filosófico de la historia de las religiones 
300 |a 404 p 
942 |c BK 
945 |d 19951020 00:00:00  |a rbrito 
260 |a Madrid  |b Alianza  |c 1993 
650 0 |a Historia de la religión  |9 313185 
650 0 |a Aspectos filosóficos   |9 265456 
650 7 |a MONOTEISMO  |2 CL-VaPUC  |9 346921 
583 |a last modification  |c 20110831 11:33:10  |k Rodrigo Vera 
490 0 |a Colección Estudios Filosóficos 
999 |c 239645  |d 239643 
952 |0 0  |1 0  |4 0  |6 200_100000000000000_ZUB_1993  |7 0  |8 A  |9 250926  |a BIBEDU  |b BIBEDU  |d 2019-11-18  |i 2550121  |o 200.1 ZUB 1993  |p 2550121  |r 2019-11-18  |w 2019-11-18  |y BK  |k FIL 
952 |0 0  |1 0  |2 ddc  |4 0  |6 200_100000000000000_ZUB_1993  |7 0  |8 P  |9 250927  |a BIBARQ  |b BIBARQ  |d 2019-11-18  |i 3645053  |o 200.1 ZUB 1993  |p 3645053  |r 2025-01-20  |w 2019-11-18  |y BK  |k ARQ 
952 |0 0  |1 0  |4 0  |6 200_100000000000000_ZUB_1993  |7 0  |8 A  |9 250928  |a BIBTEO  |b BIBTEO  |d 2019-11-18  |i 4063899  |o 200.1 ZUB 1993  |p 4063899  |r 2025-01-17  |w 2019-11-18  |y BK  |k ICR 
952 |0 0  |1 0  |4 0  |6 200_100000000000000_ZUB_1993  |7 0  |8 A  |9 250929  |a BIBTEO  |b BIBTEO  |d 2019-11-18  |i 4789148  |o 200.1 ZUB 1993  |p 4789148  |r 2025-01-17  |w 2019-11-18  |y BK  |k ICR